MDQL
is popping MORE tags! Check the
thread
!
Quizzes
Events
Quiz Creation
Community
Videos
Private Events
Remove Ads
Sign In
Join for FREE
Feedback
Dark Mode
Quiz Categories
Sports
Geography
Music
Movies
Television
Just For Fun
Miscellaneous
History
Literature
Language
Science
Gaming
Entertainment
Religion
Holiday
For Kids
Quiz Lab
Recent
Popular Today
Quiz Kudos Today
Editor Picks
Curator Picks
Quizzes by...
Day
Popularity
Type
Ratings
Length
Year
Community
Subscriptions
Recent Discussions
Orange Saloon
Badges
Playlists
Quests
Create
Leaderboards
Showdown
Live 5
Trivia Bingo
Activity
Puzzle Library
Sporcle Events
Private Events
Virtual Trivia
Globe League
Become a Host
Pub Owners
SporcleCon
Opinionation
Our Games
Videos
Blog
Mobile Apps
Partnerships
Remove Ads and Go Orange
Feedback
Miscellaneous
Crossword
General Knowledge
Baby Names
Logo
Food
Cars
Numbers
Grab Bag
University
College
Popular
Company
Slogans
Restaurants
Justice
Letter
Miscellaneous
Crossword
General Knowledge
Baby Names
Logo
Food
Cars
Numbers
Grab Bag
University
College
Popular
Company
Slogans
Restaurants
Justice
Letter
Random Quiz
Search Sporcle
×
Quiz Lab
Quiz Lab
Miscellaneous
Boy
Type in answers that appear in a list
Type in answers that appear in a list
Classic
Best Score? Go Orange.
Top 200 Baby Boy Names of 1912 Stats
Can you name the Top 200 Baby Boy Names of 1912?
By
isobel21
15m
200 Questions
559 Plays
559 Plays
559 Plays
Comments
Comments
Give Quiz Kudos
Give Quiz Kudos
-
- Ratings
hide this ad
Replay
Link that replays current quiz
Next Quiz
Link to next quiz in quiz playlist
You Got
0%
They Got
Avg Score
61%
Avg Friend Score
Upgrade to see
Score Distribution
Jump to the score distribution portion of the page
Score
0/200
Timer
15:00
0
Plays Today
Rank
Name
% Correct
1.
John
98%
3.
James
96.8%
2.
William
95.9%
4.
Robert
95.3%
10.
Thomas
94.8%
7.
Charles
94.6%
8.
Edward
94.5%
14.
Paul
94.5%
9.
Frank
94.3%
6.
George
94.1%
19.
Richard
93.7%
48.
Peter
93.6%
29.
David
93.4%
194.
Dan
92.8%
53.
Daniel
92.8%
5.
Joseph
92.8%
44.
Andrew
91.9%
12.
Henry
91.9%
42.
Michael
91.2%
16.
Harry
90.5%
163.
Jose
90.3%
26.
Fred
90%
28.
Donald
88.9%
177.
Don
88.7%
88.
Stephen
88.7%
123.
Steve
87.8%
24.
Carl
87.5%
49.
Leo
87.1%
27.
Jack
86.9%
103.
Ben
86.8%
63.
Sam
86.8%
124.
Tom
86.6%
37.
Anthony
86.6%
17.
Albert
86.6%
79.
Leon
86.2%
45.
Leonard
86.2%
51.
Frederick
86.2%
149.
Jim
86%
67.
Benjamin
86%
30.
Samuel
86%
81.
Victor
85.9%
72.
Vincent
85.3%
144.
Patrick
85.2%
166.
Bill
85.2%
58.
Charlie
85.2%
75.
Martin
85.2%
34.
Joe
85%
117.
Oliver
84.6%
33.
Kenneth
84.4%
156.
Matthew
84.1%
13.
Harold
84.1%
36.
Francis
83.5%
15.
Arthur
83.5%
69.
Philip
82.8%
189.
Phillip
82.1%
11.
Walter
82.1%
20.
Louis
81.2%
38.
Lawrence
81.2%
191.
Ronald
81%
77.
Ray
80.9%
135.
Alex
80.5%
18.
Raymond
80.3%
113.
Nicholas
80%
54.
Edwin
79.8%
97.
Alexander
79.6%
104.
Eddie
77.8%
87.
Gerald
77.6%
Rank
Name
% Correct
188.
Adam
77.3%
109.
Jacob
77.3%
120.
Nathan
76.9%
68.
Lewis
76.7%
40.
Alfred
76.6%
22.
Willie
76%
102.
Allen
75.7%
190.
Aaron
74.2%
73.
Oscar
74.2%
43.
Stanley
74.2%
25.
Howard
73.5%
52.
Theodore
73.5%
31.
Roy
73.2%
129.
Franklin
72.8%
162.
Isaac
71.6%
164.
Nathaniel
71.6%
85.
Edgar
71.2%
147.
Jerry
70.8%
83.
Marvin
70.1%
61.
Norman
69.9%
32.
Ernest
69.6%
71.
Melvin
68.3%
138.
Roger
68%
107.
Warren
68%
78.
Lee
68%
23.
Ralph
68%
39.
Herbert
67.6%
86.
Alvin
66.9%
157.
Calvin
66.5%
35.
Earl
66.2%
178.
Bruce
65.8%
57.
Lester
65.8%
99.
Arnold
65.1%
145.
Mike
64.9%
60.
Bernard
64.8%
21.
Clarence
64.2%
139.
Glen
63%
118.
Wayne
62.3%
74.
Jesse
62.3%
165.
Douglas
61.5%
106.
Johnnie
61.5%
153.
Tony
61.2%
50.
Herman
60.6%
55.
Chester
60.6%
125.
Abraham
60.3%
84.
Glenn
59.2%
116.
Hugh
58.7%
101.
Max
58.5%
93.
Gordon
58.1%
56.
Russell
58.1%
41.
Eugene
57.1%
59.
Floyd
56.9%
62.
Clifford
56.9%
64.
Milton
56.9%
82.
Morris
56.7%
95.
Maurice
55.8%
143.
Edmund
55.6%
70.
Lloyd
55.6%
176.
Bert
55.1%
91.
Harvey
55.1%
121.
Curtis
54.4%
173.
Ivan
53.7%
90.
Vernon
53%
134.
Wesley
51.5%
89.
Claude
51.3%
128.
Wallace
50.8%
108.
Leslie
49.7%
Rank
Name
% Correct
65.
Clyde
48.8%
122.
Hubert
47.8%
92.
Wilbur
47.6%
160.
Jimmie
46.9%
184.
Jay
46.3%
110.
Jessie
46%
47.
Elmer
45.3%
197.
Julian
45.1%
66.
Leroy
44.2%
159.
Dale
44%
100.
Julius
44%
131.
Wilson
43.3%
171.
August
42.4%
76.
Cecil
42.2%
119.
Horace
42%
96.
Everett
41.7%
115.
Gilbert
41.1%
161.
Clinton
41%
98.
Homer
40.6%
182.
Karl
40.4%
132.
Earnest
40.3%
126.
Roland
40.3%
130.
Archie
40.3%
200.
Charley
39.7%
114.
Luther
39.4%
169.
Clayton
38.8%
46.
Woodrow
38.1%
140.
Guy
37.9%
80.
Sidney
37.7%
151.
Otto
37.2%
137.
Manuel
35.8%
141.
Rudolph
35.2%
170.
Irvin
34.9%
133.
Jerome
34.7%
167.
Nelson
34.7%
193.
Felix
34%
174.
Percy
33.8%
136.
Orville
33.3%
94.
Irving
33.1%
198.
Emmett
32.9%
152.
Ira
32.6%
150.
Marshall
32.2%
105.
Willard
32.2%
183.
Adolph
29.5%
127.
Otis
29.5%
142.
Willis
29%
179.
Lonnie
27.7%
148.
Clifton
27.7%
181.
Lyle
27.5%
168.
Sylvester
27.4%
146.
Emil
27.2%
112.
Marion
25.2%
111.
Virgil
24.7%
154.
Bennie
23.6%
195.
Mack
22.9%
196.
Ervin
20.6%
158.
Salvatore
20.6%
185.
Wilfred
19%
155.
Angelo
17.7%
192.
Alton
17.5%
175.
Rufus
16.1%
180.
Delbert
11.8%
199.
Wilbert
11.8%
186.
Johnie
11.4%
187.
Forrest
10.9%
172.
Elbert
10.4%
Quiz Playlist
Details
Report
Send in Message
Add To Playlist
Classic:
Type in answers that appear in a list
Last Updated: Feb 16, 2017
Quiz Scoreboard
CHALLENGE
Sign Up to Join the Scoreboard
Show All
Scores
Hide
Comments
May contain spoilers
Recently Published
Street Fighter Characters
by Artimus82
Gaming
60s
9x9 Crossword: Cartoon Network
by jackfrog10
Miscellaneous
3m
College Basketball Coaching Resumes
by pancakes188
Sports
9m
More to Explore
Quiz From the Vault
Featured Blog Post
Where Did the Easter Bunny Come From?
hide this ad
You Might Also Like...
Tags
200
Baby
Boy
Top 200
Today's Top Quizzes in Miscellaneous
Browse Miscellaneous
hide this ad
Today's Top Quizzes in Boy
Browse Boy
Top Contributed Quizzes in Miscellaneous
1
5-to-1: Fast Food
2
The JOE quick-fire general knowledge quiz: Day 174
3
The JOE quick-fire general knowledge quiz: Day 173
4
5-to-1: Cocktails
5
The JOE quick-fire general knowledge quiz: Day 172
6
Sunday Crossword: Famous Bodies of Water
7
9x9 Crossword: Disney Movie Titles
8
The JOE quick-fire general knowledge quiz: Day 171
9
Named After an Animal - Odd One Out!
10
One Thing in Common: United Kingdom II
Explore More
Trending Topics
Kpop
Crossword
NBA
Anime
Marvel
Disney
Harry Potter
Pokémon
NFL
WWE
Song
Country
The Office
Puzzle
Soccer
hide this ad
More By:
isobel21
Quiz
Plays
Rating
Category
Featured
Created
Top 300 Boys' Names of 1925
1,689
4.38
Miscellaneous
Mar 12, 2012
Top 300 Girls Names of 1953
1,214
4.64
Miscellaneous
Dec 9, 2011
Top 200 Baby Girl Names of 1912
988
5.00
Miscellaneous
Jan 4, 2012
Top 300 Girls' Names of 1998
809
4.44
Miscellaneous
Mar 13, 2012
Rolling Stone's Top 300 Albums of All Time
752
3.80
Music
Mar 7, 2012
Go to Creator's Profile
Score Distribution
Quiz Creator Spotlight
isobel21
Follow
Send a Message
Quizzes Created
-
Created Quiz Play Count
-
More By This Creator
Popular Quizzes Today
1
Find the US States - No Outlines Minefield
2
Find the Countries of Europe - No Outlines Minefield
3
The Countries of the World
4
Find the US States
5
Risky Map Clicking: Biggest States A-Z
6
US States
7
Popular People in 1961
8
Movies - When Are They Set?
More Miscellaneous Quizzes
Aircraft Identification Quiz
Quiz Lab
Trending Quizzes
Risky Map Clicking: Least Populous States A-Z
1-10 Letter G Words
Risky Map Clicking: Next State Alphabetically
Adjectives in 80s TV Shows
The Seven Year Switch: Catherine
Recently Updated
Leaping Animals
pecheneg
Reality TV Shows (A-Z)
bhenderson79
Rickey Henderson's Hall of Fame Teammates
pecheneg
Champions League XIs: Arsenal
pecheneg
Quick Pick: Celebrities in WWE's Hall of Fame
aduchscher
A-Z Keypad Blitz II
pecheneg
Multiple Oscar Actors
pecheneg
Mystery Phrase Blitz: Oscar 'Best Actors'
pecheneg
F. Scott Fitzgerald Novels
LTH
Pick 3 Villains
ddd62291
Trending Topics
Anime
Marvel
Crossword
Harry Potter
NBA
Disney
Kpop
Pokémon
WWE
Soccer
Song
The Office
Country
NFL
Puzzle
Your Account Isn't Verified!
In order to create a playlist on Sporcle, you need to verify the email address you used during registration. Go to your
Sporcle Settings
to finish the process.
Report this User
Report this user for behavior that violates our
Community Guidelines
.
Details:
Send Report
Go to the Sporcle.com Mobile Site →
Comments